Economic impact of collective bargaining on Cashew Industry in Kerala (Record no. 13060)

MARC details
000 -LEADER
fixed length control field 00484nam a2200157Ia 4500
082 ## - DEWEY DECIMAL CLASSIFICATION NUMBER
Classification number TP.0019
100 ## - MAIN ENTRY--AUTHOR NAME
Personal name Pillai, K. Balan
245 #0 - TITLE STATEMENT
Title Economic impact of collective bargaining on Cashew Industry in Kerala
260 ## - PUBLICATION, DISTRIBUTION, ETC. (IMPRINT)
Year of publication 1986
Name of publisher University of Kerala
300 ## - PHYSICAL DESCRIPTION
Number of Pages 384p. + C D - 47
650 ## - SUBJECT ADDED ENTRY--TOPICAL TERM
Topical Term CASHEW INDUSTRY//CASHEW NUT INDUSTRY
650 ## - SUBJECT ADDED ENTRY--TOPICAL TERM
Topical Term CASHEW TRADE//CASHEW NUT INDUSTRY
650 ## - SUBJECT ADDED ENTRY--TOPICAL TERM
Topical Term CASHEW NUT INDUSTRY - KERALA
710 ## - ADDED ENTRY--CORPORATE NAME
Corporate name or jurisdiction name as entry element Nair, K. Ramachandran
942 ## - ADDED ENTRY ELEMENTS (KOHA)
Koha item type Thesis
Source of classification or shelving scheme Dewey Decimal Classification
Holdings
Withdrawn status Lost status Damaged status Not for loan Home library Current library Date acquired Bill Date Full call number Accession Number Price effective from Koha item type
        NASSDOC Library NASSDOC Library 08/10/2004 2004-10-22 TP.0019 28854 18/04/2019 Thesis